General Biology The Science of Biology (Record no. 2269)

MARC details
000 -LEADER
fixed length control field 00400nam a22001577a 4500
003 - CONTROL NUMBER IDENTIFIER
control field OSt
005 - DATE AND TIME OF LATEST TRANSACTION
control field 20210907084105.0
008 - FIXED-LENGTH DATA ELEMENTS--GENERAL INFORMATION
fixed length control field 210907b |||||||| |||| 00| 0 eng d
040 ## - CATALOGING SOURCE
Transcribing agency HU
082 ## - DEWEY DECIMAL CLASSIFICATION NUMBER
Edition number 7th
Classification number 574/BEA
100 ## - MAIN ENTRY--PERSONAL NAME
Personal name WILLIAM C. BEAVER .Ph.D.Sc.D.
9 (RLIN) 1877
245 ## - TITLE STATEMENT
Title General Biology The Science of Biology
260 ## - PUBLICATION, DISTRIBUTION, ETC.
Name of publisher, distributor, etc. The C.V.Mosby Company
Date of publication, distribution, etc. 1999
300 ## - PHYSICAL DESCRIPTION
Extent 604
942 ## - ADDED ENTRY ELEMENTS (KOHA)
Source of classification or shelving scheme Dewey Decimal Classification
Koha item type Books like text book referance book
Suppress in OPAC No
Holdings
Withdrawn status Lost status Source of classification or shelving scheme Damaged status Not for loan Home library Current library Shelving location Date acquired Total Checkouts Full call number Barcode Date last seen Copy number Price effective from Koha item type
    Dewey Decimal Classification     Natural & Computational Science Library Natural & Computational Science Library General Stacks 09/07/2021   574/BEA NSCLIB00006533 09/07/2021 1 09/07/2021 Books like text book referance book